| 000 | 00647nam a2200205 i 4500 | ||
|---|---|---|---|
| 001 | 82396 | ||
| 003 | ES-MaACL | ||
| 005 | 20251015145629.0 | ||
| 007 | t| | ||
| 008 | 041110s1957 sp ||||1| spa d | ||
| 100 | 1 |
_aIgual Ubeda, Antonio. _965156 |
|
| 245 | 1 | 3 |
_aEl Cardenal Cisneros / _cpor Antonio Igual Ubeda. |
| 260 |
_aBarcelona : _bSeix Barral, _c1957. |
||
| 300 |
_a124 p., 7 lám. : _bretr. aut. ; _c18 cm. |
||
| 490 | 1 | _aVidas de grandes hombres | |
| 600 | 1 | 4 |
_aJiménez de Cisneros, Francisco, _d1436-1517 _966495 |
| 830 | 0 |
_aVidas de grandes hombres _9183755 |
|
| 852 |
_aES-MaACL _jC-13453 _bR.40811 |
||
| 999 |
_c82396 _d82396 |
||